LEADER 01391nam a2200289 i 4500 001 000000171837 003 CaOOAMICUS 005 20230124112609.0 008 080515s2007 it u000 u ita u 020 $a978-88-17-01979-8 040 $aSeMil$bita 100 1 $aFallaci, Oriana,$d<1930-2006>.$0(OLS)http://semarc/name/16981 245 10$aOriana Fallaci :$bintervista con la Storia : immagini e parole di una vita /$cA cura di Alessandro Cannavò, Alessandro Nicosia, Edoardo Perazzi. 264 1$aMilano :$bRizzoli,$c2007. 300 $a167 p. :$briccamente ill. ;$c29 cm. 500 $aCatalogo della mostra tenuta a Milano, Palazzo Litta, 15 settembre-18 novembre 2007. 600 14$aFallaci, Oriana <1929-2006>.$0(OLS)http://semarc/subject/32712 700 1 $aPerazzi, Edoardo.$0(OLS)http://semarc/name/64286 700 1 $aNicosia, Alessandro.$0(OLS)http://semarc/name/64285 700 1 $aCannavò, Alessandro.$0(OLS)http://semarc/name/64284 850 $aSeMil 852 $aSeMil$W1$xVenegono$y1$m3W VIII 82$j236694$B122701$CSeMilBibl$Z2$F134128 $81 961 $aOmaggio: Altro 996 $6020$a978-88-17-01979-8$9(OLS)http://semarc/number/159069 996 $6245$aOriana Fallaci :$bintervista con la Storia : immagini e parole di una vita$9(OLS)http://semarc/title/245925 996 $6264$aMilano :$bRizzoli$9(OLS)http://semarc/publisher/29824 LEADER 00550nam a2200169 i 4500 001 000000256999 003 CaOOAMICUS 005 20180123000000.0 008 180123s1871 it u000 u ita u 013 $a235907 040 $aSeMil$bita 245 10$a3. 300 $a482 p. :$bill. 773 0 $aMaineri, Baccio Emanuele$tStragi di Parigi nel 1871.$dMilano : Enrico Politti, pref. 1871.$g3$w()5956 850 $aSeMil 852 $aSeMil$W1$xVenegono$y1$m3T IV 3 FA$j207345$B207345$CSeMilBibl$Z2$F220857 $8I 996 $6245$a3$9(OLS)http://semarc/title/47129